000 00740nam a2200277Ia 4500
001 AUWbook001509
003 BDCtgAUW
005 20260406155038.0
008 220908s9999 xx 000 0 eng d
020 _a0300101872
040 _aBDCtgAUW
_cBDCtgAUW
050 _aE98.A7C536
100 1 _aCoe, Ralph T.
245 0 _aThe responsive eye :
_bralph t. coe and the collecting of american indian art /
260 _aNew York :
_bMetropolitan Museum of Art,
300 _axi,328 pages.
650 0 _aCollectors and Collecting.
650 0 _aExhibition.
650 0 _aNorth America.
651 0 _aIndian Art.
_979756
651 0 _aUnited States.
887 _a BRAC
_22982
888 _22982
942 _cBK
_00
_2lcc
945 _cBK
999 _c17347
_d17347